Two Word Blitz Quiz Stats

Quiz Updated Jul 14, 2016

Also try: 4-Letter Blitz
Challenge
Share
Tweet
Embed
Score 0/24 Timer 03:00
3 Plays Today
Catgory Two-Worder % Correct
US StateNew York
98%
Kellogg's CerealApple Jacks
87%
Michael Jackson SingleBillie Jean
79.2%
Oceanic CountryMarshall Islands
78.1%
North American CountryCosta Rica
77%
Punctuation MarkQuestion Mark
74.9%
European CountrySan Marino
68.8%
World CapitalBuenos Aires
68.4%
Charles Dickens NovelGreat Expectations
66%
Harry Potter and the…Sorcerer's Stone
63.1%
US State CapitalDes Moines
62.9%
Canadian ProvinceNova Scotia
59.8%
Catgory Two-Worder % Correct
Shakespeare PlayKing Lear
55.4%
Summer Olympic SportWater Polo
42.2%
Disney Animated MoviePeter Pan
41.2%
Disney World Theme ParkMagic Kingdom
40.5%
Big 4 Team NicknameRed Sox
39.2%
Best Picture WinnerSchindler's List
35.1%
US Department of …Homeland Security
31%
Outstanding Comedy Emmy WinnerThe Office
30.6%
Tony Best MusicalHello, Dolly!
25.5%
Risk TerritoriesCentral America
22.9%
Wonka Brand CandyLaffy Taffy
21.2%
Dow Jones Industrial Average CompanyGeneral Electric
7.8%

You're not logged in!

Compare scores with friends on all Sporcle quizzes.
Sign Up with Email
OR
Log In

You Might Also Like...

Show Comments

Extras

Top Quizzes Today


Score Distribution

Your Account Isn't Verified!

In order to create a playlist on Sporcle, you need to verify the email address you used during registration. Go to your Sporcle Settings to finish the process.